00827nam a2200205 a 450000100100000000500170001000800410002704000250006808200140009310000290010724500710013626000420020730000300024950000620027950400250034104900090036695201120037595201170048799900170060400002509220200930023547.0110210s1984 dr c 000 0 spa d aDO-SdBNPbspacBNPHU axxxbE77p1 aEspinal, Fulgencio9837410aPerredeismo, catorcismo y constitucionalidad /cFulgencio Espinal. aSanto DomingofImpresora Vidalc1984. a192 p. :bretr. ;c22 cm. aIncluye datos biográficos del autor en la contraportada aBibliografía : 192 aBNPD 0010718PDaPDbPDcCTd2011-02-10iLF1l0oxxx E77pp25092-10r2020-06-25w2020-06-25yLFPDZNo se presta 0010728PDaPDbPDcOId2011-02-10iLF1l0oxxx E77pp25092-20r2020-06-25te.2w2020-06-25yLFPDZNo se presta c24585d24585